000 01699nam a22003617i 4500
003 EG-ScBUE
005 20260510125335.0
008 090806s2003 ua fr 000 0 ara d
017 _a2003 / 10876
020 _a9770185671
040 _aEG-ScBUE
_bara
_erda
_cEG-ScBUE
_dEG-ScBUE
041 1 _aara
_heng
082 0 4 _a530.11
_bأ ي ن
_222
100 1 _aأينشتين، ألبرت،
_d1879-1955،
_eمؤلف.
245 1 2 _aالنسبية :
_bالنظرية الخاصة والعامة /
_cتأليف ألبرت أينشتين ؛ تقديم محمود أحمد الشربيني ؛ ترجمة د. رمسيس شحاتة ؛ مراجعة د. محمد مرسى أحمد ؛ إعداد وتحرير د. سمير سرحان، د. محمد عناني.
246 3 4 _aنظرية النسبية
264 1 _aالقاهرة :
_bالهيئة المصرية العامة للكتاب،
_c2003.
300 _a233 صفحة ؛
_c19 سم.
336 _2rdacontent
_atext
_btxt
337 _aunmediated
_2rdamedia
_bn
338 _avolume
_bnc
_2rdacarrier
490 0 _aمكتبة الأسرة.
_aسلسلة أمهات الكتب
500 _aيشتمل على ملاحق.
546 _aالنص باللغة الإنجليزية ؛ وقد تم ترجمته إلى العربية.
650 7 _98376
_aالنسبية.
_2BUEsh
655 _vReading book
700 1 _aالشربيني، محمود أحمد،
_d1909-1998،
_eمقدم.
700 1 _aشحاتة، رمسيس،
_eمترجم.
700 1 _aأحمد، محمد مرسي،
_eمراجع.
700 1 _aسرحان، سمير،
_d1941-2006،
_eمعد،
_eمحرر.
700 1 _aعناني، محمد،
_d1939-
_eمعد،
_eمحرر.
942 _2ddc
_cBB
999 _c12544
_d12544